书目信息 |
| 题名: |
癌生物学
|
|
| 作者: | R.J.B.金 ;刘以训 | |
| 分册: | ||
| 出版信息: | 北京 科学出版社 2002 |
|
| 页数: | 260 | |
| 开本: | 26cm | |
| 丛书名: | ||
| 单 册: | ||
| 中图分类: | R73 | |
| 科图分类: | ||
| 主题词: | 肿瘤学 | |
| 电子资源: | ||
| ISBN: | 7-03-009658-4 | |
| 000 | 00535nam0 2200193 450 | |
| 001 | 0741144344 | |
| 005 | 20070817112544.34 | |
| 010 | @a7-03-009658-4@d¥35.00 | |
| 100 | @a20070817d km y0chiy0120 ea | |
| 101 | 0 | @achi |
| 200 | 1 | @a癌生物学@Aai sheng wu xue@f(英)R.J.B.金@F(ying)R.J.B.jin@g刘以训@Gliu yi xun |
| 210 | @a北京@c科学出版社@d2002 | |
| 215 | @a260@d26cm | |
| 606 | 0 | @a肿瘤学 |
| 690 | @aR73@v3 | |
| 701 | 0 | @aR.J.B.金@AR.J.B.jin |
| 702 | 0 | @a刘以训@Aliu yi xun |
| 801 | 0 | @aCN@bPFT@c20070817 |
| 905 | @a213230@dR73@en1@f1 | |
| 癌生物学/(英)R.J.B.金/刘以训.-北京:科学出版社,2002 |
| 260;26cm |
| ISBN 7-03-009658-4:¥35.00 |
| ● |
| 相关链接 |
|
|
|
|
正题名:癌生物学
索取号:R73/n1
 
预约/预借
| 序号 | 登录号 | 条形码 | 馆藏地/架位号 | 状态 | 备注 |
| 1 | 6600929 | 266009295 | 密集书库-生命科学系/ [索取号:R73/n1] | 在馆 |